Capitalismo y comunismo / (Record no. 30095)

MARC details
000 -LEADER
campo de control de longitud fija 00524nam a2200193 i 4500
001 - NÚMERO DE CONTROL
campo de control 30095
003 - IDENTIFICADOR DE NÚMERO DE CONTROL
campo de control ES-MaACL
005 - FECHA Y HORA DE LA ÚLTIMA TRANSACCIÓN
campo de control 20230906154134.0
007 - CAMPO FIJO DE DESCRIPCIÓN FÍSICA--INFORMACIÓN GENERAL
campo de control de longitud fija t|
008 - DATOS DE LONGITUD FIJA--INFORMACIÓN GENERAL
campo de control de longitud fija 030123s1977 sp ||||1| spa d
100 1# - ENTRADA PRINCIPAL--NOMBRE DE PERSONA
Nombre de persona Barrot, Jean.
9 (RLIN) 26073
245 10 - MENCIÓN DEL TÍTULO
Título Capitalismo y comunismo /
Mención de responsabilidad, etc. Jean Barrot.
260 ## - PUBLICACIÓN, DISTRIBUCIÓN, ETC.
Lugar de publicación, distribución, etc. Bilbao :
Nombre del editor, distribuidor, etc. Zero ;
Lugar de publicación, distribución, etc. Madrid :
Nombre del editor, distribuidor, etc. Tipoart,
Fecha de publicación, distribución, etc. 1977.
300 ## - DESCRIPCIÓN FÍSICA
Extensión 70 p. ;
Dimensiones 17 cm.
490 1# - MENCIÓN DE SERIE
Mención de serie Lee y discute
830 0# - PUNTO DE ACCESO ADICIONAL DE SERIE-TÍTULO UNIFORME
Título uniforme Lee y discute
9 (RLIN) 181315
852 ## - LOCALIZACIÓN
Ubicación ES-MaACL
Número de control de estantería A-7299
Sublocalización o colección R.96652
Holdings
Estatus retirado Estado de pérdida Estado de daño No para préstamo Biblioteca de origen Biblioteca actual Ubicación en estantería Fecha de adquisición Fuente de adquisición Total de préstamos Signatura topográfica completa Código de barras Visto por última vez Precio de reemplazo Tipo de ítem Koha
        Biblioteca del Ateneo de Madrid Biblioteca del Ateneo de Madrid Sala Pecera Planta 1 17/01/2008     A-7299 1031070 23/02/2023 23/02/2023 Libro impreso